Statistics for Famous Adulterers

Click here to take the quiz!

General Stats

  • This quiz has been taken 8,762 times
  • The average score is 11 of 21

Answer Stats

HintAnswer% Correct
Monica Lewinsky's paramourBill Clinton
97%
Marilyn Monroe sang "Happy Birthday" to himJohn F. Kennedy
94%
The governatorArnold Schwarzenegger
80%
The Prince of WalesPrince Charles
80%
Had nothing to fear but fear itself, and also EleanorFranklin D. Roosevelt
77%
Seeminly straightlaced athlete whose countless affairs were revealed in 2009Tiger Woods
69%
Husband of Calpurnia, lover of CleopatraJulius Caesar
67%
This "insatiable" Russian empress staged a coup against her own husbandCatherine the Great
61%
Lancelot's loverGuinevere
61%
Beheaded for adultery in 1536, but was likely innocent. She also didn't have six fingersAnne Boleyn
60%
Hera's husband who employed animal disguises to escape detectionZeus
57%
Title character of a Tolstoy novelAnna Karenina
47%
Atlanta reverend who was spied on by the FBIMartin Luther King Jr.
44%
Napoleon's empressJosephine
43%
King David saw her bathing on the roofBathsheba
33%
Former patent examiner who left his wife to marry his cousinAlbert Einstein
28%
Texas politician who named his favorite body part "jumbo"Lyndon B. Johnson
27%
Flaubert novel protagonist who cheats on her dull, provincial husbandEmma Bovary
25%
French President whose affair with Julie Gayet is none of your businessFrançois Hollande
25%
She was forced to wear a scarlet letterHester Prynne
25%
British War Minister who cleaned toilets as penance for his 1963 affairJohn Profumo
13%

Score Distribution

Percentile by Number Answered

Percent of People with Each Score

Your Score History

You have not taken this quiz